family tree (intro) - ethel cain - Statistics

General Stats
  • This quiz has been taken 17 times
  • The average score is 112 of 166
Answer Stats
Answer % Correct
"a
100%
a
100%
all
100%
crosses
100%
my
100%
the
100%
these
100%
be
92%
he
92%
his
92%
i
92%
me
92%
of
92%
over
92%
to
92%
who
92%
blood
85%
body
85%
but
85%
can
85%
cannot
85%
escape
85%
family
85%
jesus
85%
mother
85%
mothers
85%
remind
85%
tree
85%
try
85%
used
85%
always
77%
and
77%
father
77%
from
77%
neck
77%
no
77%
by
69%
fates
69%
fucked
69%
he'll
69%
hes
69%
it
69%
never
69%
off
69%
reject
69%
scream
69%
sideways
69%
then
69%
what
69%
already
62%
bones
62%
hiding
62%
made
62%
one
62%
swinging
62%
they
62%
wash
62%
you
62%
at
54%
christ
54%
fingers
54%
forgive
54%
hanging
54%
is
54%
laugh
54%
leave
54%
so
54%
successfully
54%
thing
54%
thing"
54%
up
54%
say
46%
been
38%
better
38%
god
38%
ive
38%
know
38%
raised
38%
than
38%
this
38%
we
38%
woman
38%
most
31%
special
31%
theyll
31%
think
31%
very
31%
when
31%
other
23%
that
23%
gifts
15%
gives
15%
her
15%
lord
15%
need
15%
precious
15%
there
15%
because
8%
world
8%
loves
0%
seems
0%
No matching quizzes found
Score Distribution
Percent of People with Each Score
Percentile by Number Answered
Your Score History
You have not taken this quiz